000 00592nam a2200229Ia 4500
003 OSt
005 20221006141404.0
006 a|||||r|||| 00| 0
007 ta
008 221006b |||||||| |||| 00| 0 eng d
024 _a2,043
037 _cTextual
040 _aEASL
_cEASL
_beng
041 _2eng
_aeng
082 _aO41,2xN5, 111L0
100 _aMESERVE Walter J Ed.
_9645567
245 0 _aModern drama from Communist China
260 _c1970
300 _ap.
_ccm.
942 _hO41,2xN5, 111L0
_cTEXL
_2CC
999 _c1070129
_d1070129